Vida y pasión de Jorge Isaacs /

Homenaje a la novela colombiana "María" escrita por Jorge Isaacs en el primer centenario en que fue escrita.

Kaydedildi:
Detaylı Bibliyografya
Yazar: Carvajal, Mario (autor)
Materyal Türü: Kitap
Dil:İspanyolca
Baskı/Yayın Bilgisi: México : Secretaría de Educación Pública, Subsecretaría de Asuntos Culturales, 1967, c1967
Seri Bilgileri:(Cuadernos de Lectura Popular ; 102)
(La Honda del Espíritu)
Konular:
Etiketler: Etiketle
Etiket eklenmemiş, İlk siz ekleyin!

MARC

LEADER 00000nam^a2200000^a^4500
001 000138118
005 20250521000000.0
009 20260310095418.56
037 |a Acervo ITESO - Biblioteca 
041 |a ESP 
082 |a 808. 88  |b CUA V. 102 
100 |a Carvajal, Mario  |e (autor) 
245 1 0 |a Vida y pasión de Jorge Isaacs /  |c M. Carvajal. 
264 4 |a México :  |b Secretaría de Educación Pública, Subsecretaría de Asuntos Culturales,  |c 1967, c1967 
300 |a 94 p. 
336 |a texto  |b txt  |2 rdacontenido 
337 |a sin mediación  |b n  |2 rdamedio 
338 |a volumen  |b nc  |2 rdasoporte 
440 1 |a (Cuadernos de Lectura Popular ;  |v 102) 
440 4 |a (La Honda del Espíritu) 
520 |a Homenaje a la novela colombiana "María" escrita por Jorge Isaacs en el primer centenario en que fue escrita. 
649 |a XX 
650 |a Escritores Colombianos -  |x Homenajes 
650 |a Escritores Colombianos -  |x Biografías 
650 |a Novela Colombiana 
650 |a Literatura Colombiana -  |y Siglo XIX 
650 |a Literatura Colombiana -  |x Historia y Crítica 
650 |a Isaacs, Jorge 
910 |a Fondo Salvador Reynoso Reynoso 
920 |a Impresos - Libros 
930 |a Fondos Especiales 
940 |a Literatura 
905 |a 112 
901 |a 0800014085  |b IT2  |c ESP  |u 20250521 
902 |a https://opac.biblio.iteso.mx/vufind/Record/000138118